000
00252nam a2200097Ia 4500
008
240331s9999 xx 000 0 und d
082
_a
300
_b
NIE
100
_a
Nieuwenhuijze, Van
245
0
_a
On Social Devalopment :
_b
the Social Welfare Approach
942
_c
L
999
_c
977
_d
977